UBT Library

Nutrition for life / (Record no. 42002)

000 -LEADER
fixed length control field 00733cam a22002294a 4500
001 - CONTROL NUMBER
control field 15486222
005 - DATE AND TIME OF LATEST TRANSACTION
control field 20180207050917.0
008 - FIXED-LENGTH DATA ELEMENTS--GENERAL INFORMATION
fixed length control field 081016s2010 cau b 001 0 eng
010 ## - LIBRARY OF CONGRESS CONTROL NUMBER
LC control number 2008044432
020 ## - INTERNATIONAL STANDARD BOOK NUMBER
International Standard Book Number 9780321570840 (student ed.)
040 ## - CATALOGING SOURCE
Original cataloging agency DLC
Transcribing agency DLC
Modifying agency DLC
041 ## - LANGUAGE CODE
Language code of text/sound track or separate title eng
080 ## - UNIVERSAL DECIMAL CLASSIFICATION NUMBER
Universal Decimal Classification number 613.2 JAN
082 00 - DEWEY DECIMAL CLASSIFICATION NUMBER
Classification number 613.2 JAN
Edition number 22
100 1# - Rafti
Rafti 10
101 ## - Shkurtesa
Shkurtesa NUT
245 10 - TITLE STATEMENT
Title Nutrition for life /
Statement of responsibility, etc Janice Thompson, Melinda Manore.
504 ## - BIBLIOGRAPHY, ETC. NOTE
Bibliography, etc Includes bibliographical references and index.
906 ## - LOCAL DATA ELEMENT F, LDF (RLIN)
a 7
b cbc
c orignew
d 1
e ecip
f 20
g y-gencatlg
942 ## - ADDED ENTRY ELEMENTS (KOHA)
Source of classification or shelving scheme
Item type Books
Holdings
Withdrawn status Lost status Source of classification or shelving scheme Damaged status Not for loan Collection code Permanent location Current location Shelving location Date acquired Total Checkouts Full call number Barcode Date last seen Price effective from Koha item type
          Koleksioni Referal UBT - Lipjan UBT - Lipjan Koleksioni i përgjithshem 02/07/2018   613.2 JAN 002-2998987 02/07/2018 02/07/2018 Books
UBT Library © 2015-2024. All rights reserved University Education for Business and Technology